000 00254nam a2200097Ia 4500
001 956678
005 20250826215829.0
008 250824s9999 xx 000 0 und d
245 0 _aKÜÇÜK ŞEYLER 1
_cÜSTÜN DÖKMEN
260 _bREMZİ KİTABEVİ YAYINLARI
999 _c956678
_d956678